Mots français d'origine latine - Mort subite - Statistiques

Statistiques générales
  • Ce quiz a été pris 597 fois
  • Le résultat moyen est 4 sur 28
Answers on the Grid
Answers color-coded by a green-red scale on the quiz's grid according to % correct below.
Abricot
Accepter
Algèbre
Algorithme
Amiral
Bain
Bazar
Biceps
Bouche
Café
Calotte
Caméra
Caravane
Cheval
Chiffre
Coin
Coton
Échec
Engin
Faucon
Fétiche
Filer
Fruit
Gilet
Gluten
Jambe
Ketchup
Kiosque
Lavabo
Loisir
Magie
Majesté
Malade
Mer
Moisson
Part
Poison
Pyjama
Ration
Rectangle
Reine
Safari
Tabac
Tasse
Thé
Totem
Tulipe
Vampire
Vidéo
Zénith
 
Statistiques - réponses
Réponse % Correct
Mer
31%
Reine
29%
Vidéo
26%
Cheval
25%
Biceps
24%
Caméra
23%
Accepter
22%
Bouche
22%
Fruit
22%
Majesté
20%
Bain
19%
Poison
16%
Rectangle
16%
Jambe
15%
Magie
14%
Ration
14%
Loisir
13%
Lavabo
12%
Malade
12%
Faucon
10%
Part
10%
Calotte
8%
Gluten
8%
Moisson
8%
Coin
7%
Engin
7%
Filer
7%
Abricot
6%
Aucun quiz correspondant
Distribution des résultats
% des personnes avec chaque résultat
Percentile par nombre de réponses
Votre historique - résultats
Vous n’avez pas pris ce quiz